POETAS NORTEAMERICANOS CONTEMPORANEOS (Registro nro. 28685)
[ vista simple ]
| 000 -LEADER | |
|---|---|
| fixed length control field | 00464nam a2200157 a 4500 |
| 001 - CONTROL NUMBER | |
| control field | 28685 |
| 005 - DATE AND TIME OF LATEST TRANSACTION | |
| control field | 20180713231618.0 |
| 008 - FIXED-LENGTH DATA ELEMENTS--GENERAL INFORMATION | |
| fixed length control field | 140415s1976 000 0 spa d |
| 041 ## - LANGUAGE CODE | |
| Language code of text/sound track or separate title | spa |
| 082 ## - DEWEY DECIMAL CLASSIFICATION NUMBER | |
| Classification number | 811 |
| Item number | POE |
| 245 00 - TITLE STATEMENT | |
| Title | POETAS NORTEAMERICANOS CONTEMPORANEOS |
| 260 ## - PUBLICATION, DISTRIBUTION, ETC. | |
| Place of publication, distribution, etc. | [s.l.] : |
| Name of publisher, distributor, etc. | EDICIONES LIBRERIAS FAUSTO, |
| Date of publication, distribution, etc. | 1976 |
| 300 ## - PHYSICAL DESCRIPTION | |
| Extent | 489 |
| 490 ## - SERIES STATEMENT | |
| Series statement | BIBLIOTECA DE POESIA UNIVERSAL |
| 650 14 - SUBJECT ADDED ENTRY--TOPICAL TERM | |
| Topical term or geographic name entry element | POESIA NORTEAMERICANA |
| General subdivision | POETAS NORTEAMERICANOS |
| Withdrawn status | Lost status | Source of classification or shelving scheme | Damaged status | Not for loan | Collection code | Home library | Current library | Shelving location | Date acquired | Source of acquisition | Inventory number | Total Checkouts | Full call number | Barcode | Date last seen | Date last checked out | Price effective from | Koha item type |
|---|---|---|---|---|---|---|---|---|---|---|---|---|---|---|---|---|---|---|
| Dewey Decimal Classification | General | Biblioteca Karol Wojtyla | Biblioteca Karol Wojtyla | Sala general | 03/12/2013 | Compra | 151000000000000000032257 | 1 | 811 POE | 5024 | 05/01/2026 | 20/09/2019 | 03/12/2013 | Libro | ||||
| Dewey Decimal Classification | General | Biblioteca Karol Wojtyla | Biblioteca Karol Wojtyla | Sala general | 03/12/2013 | Compra | 151000000000000000032258 | 2 | 811 POE | 5709 | 05/01/2026 | 30/09/2019 | 03/12/2013 | Libro |